Olivia Rodrigo or Gracie Abrams Songs - Statistics

General Stats
  • This quiz has been taken 152 times
  • The average score is 11 of 12
Answer Stats
Hint Answer % Correct
Vampire Olivia Rodrigo
99%
Free Now Gracie Abrams
98%
Deja Vu Olivia Rodrigo
98%
Lacy Olivia Rodrigo
98%
Get Him Back! Olivia Rodrigo
98%
Cool Gracie Abrams
97%
That’s So True Gracie Abrams
97%
Feels Like Gracie Abrams
96%
21 Gracie Abrams
94%
All I Want Olivia Rodrigo
94%
Hope Ur Ok Olivia Rodrigo
92%
Hard To Sleep Gracie Abrams
89%
No matching quizzes found
Score Distribution
Percent of People with Each Score
Percentile by Number Answered
Your Score History
You have not taken this quiz